000 00262nam a22001217a 4500
008 170406b xxu||||| |||| 00| 0 eng d
041 _aeng
080 _a575
100 _a9
101 _aSHM
245 _aBLOOD AND IMMUNE SYSTEM
_cBONER.R.C
942 _2udc
_cBK
999 _c10016
_d10016